Statistics for African Countries by Etymology

Click here to take the quiz!

General Stats

  • This quiz has been taken 1,592 times
  • The average score is 38 of 54

Answer Stats

Name MeaningCountry% Correct
Jean Moreau de Séchelles, Louis XV's Minister of FinanceSeychelles
96%
Named for its location at the south of the continentSouth Africa
95%
Literally "Saint Thomas and Prince" in PortugueseSao Tome and Principe
93%
"Green cape" in PortugueseCape Verde
92%
"Soo" and "maal," or the name of the country's clansSomalia
92%
Named for the river going through it (bigger country of two)Democratic Republic of the Congo
89%
Its location near both the Equator and the Gulf of GuineaEquatorial Guinea
89%
"Land of the Swazis"Eswatini
89%
Portuguese for cloak, or "gabão"Gabon
89%
"Serra Lyoa," the original Portuguese name for "Lion Mountains"Sierra Leone
89%
Derives from the Zambezi River, which could mean "grand river"Zambia
89%
The republic's location in the central part of the continentCentral African Republic
88%
The French term "Ruanda" was likely used for its indigenous peopleRwanda
88%
Combined Tanganyika and Zanzibar, the kingdoms that formed the countryTanzania
88%
It could mean "plate," or "gabouti"Djibouti
87%
Name of a river in West Africa going through it (northern country of two)Niger
85%
Historical trading of elephant tusks, or ivory, in the regionCote d'Ivoire
84%
"Land of the Basotho"Lesotho
84%
"Aiguptos," ancient Greek name for MemphisEgypt
82%
"Land of the Tswana," the dominant ethnic group in the countryBotswana
81%
"Free" and "place" in LatinLiberia
81%
Maybe Marco Polo confused the island with "Mogadishu"Madagascar
81%
"Ngola," an iron object symbolizing kingshipAngola
80%
Comes after the Buganda kingdomUganda
80%
"The country of the Mauri"Mauritania
79%
Possibly from Berber, meaning "Land of God"Morocco
78%
Derived from an Egyptian word for people living west of the NileLibya
77%
Prince Maurice Van Nassau of HollandMauritius
77%
The oldest desert in the world, which is Nama for "vast place"Namibia
75%
Means "white mountain" and namesake of Africa's second-highest peakKenya
73%
"South" and "land of the blacks"South Sudan
72%
Arabic expression for "land of the blacks"Sudan
72%
"Red Sea" in GreekEritrea
70%
After an island named after Mussa Bin Bique, an Arab traderMozambique
69%
Name of a river in West Africa going through it (southern country of two)Nigeria
67%
Named after its capital, and the Berber word for "encampment"Tunisia
66%
"Rio dos Camarões," Portuguese for "River of Prawns"Cameroon
65%
"Maravi," an old name for the country's inhabitants, or ChewaMalawi
62%
Named for the river going through it (smaller country of two)Republic of the Congo
60%
Named for a medieval empire in West AfricaGhana
59%
Its name comes from a lake in the country that literally means "lake"Chad
56%
Named for the river, "Kambaa," that shapes the countryGambia
56%
"Person of mixed ancestry" + the name of its capital cityGuinea Bissau
49%
It could be a Portuguese transliteration of "Zenaga"Senegal
48%
Comes from the Bini peopleBenin
46%
A former empire's name, which is Bambara for "hippopotamus"Mali
46%
One possible meaning is "person of mixed ancestry"Guinea
44%
Arabic for moon, "qamar"Comoros
43%
Greek for "burnt face"Ethiopia
42%
"Upright" in Mossi, and "fatherland" in DioulaBurkina Faso
39%
Possibly derives from the Ha people's origin, called "Buha"Burundi
38%
Its name could mean "houses of stones" in a Shona dialectZimbabwe
38%
Ewe for "behind the river"Togo
36%
Literally means "the islands," which are off the coast of its capitalAlgeria
31%

Score Distribution

Percentile by Number Answered

Percent of People with Each Score

Your Score History

You have not taken this quiz